Моделирование гравитационного газового сепаратора; Вестник науки Сибири; № 1 (2)
| Parent link: | Вестник науки Сибири: электронный научный журнал/ Томский политехнический университет (ТПУ).— , 2011-.— 2226-0064 № 1 (2).— 2012.— [С. 139-145] |
|---|---|
| Huvudupphovsman: | |
| Sammanfattning: | Заглавие с титульного листа Рассматривается моделирование процесса низкотемпературной сепарации газожидкостной смеси в блоке из трёх газовых сепараторов. Предполагается однократное испарение компонентов смеси при достижении состояния равновесия между паровой и жидкой фазами. Математическая модель основывается на уравнениях общего и покомпонентного материального баланса. Для расчёта констант фазового равновесия используется уравнение Ашворта. Приводятся алгоритм и результаты расчета. Моделирование проводилось с использованием языков VBA и Delphi. |
| Språk: | ryska |
| Publicerad: |
2012
|
| Serie: | Информационные технологии и системы управления |
| Ämnen: | |
| Länkar: | http://earchive.tpu.ru/handle/11683/15984 |
| Materialtyp: | Elektronisk Bokavsnitt |
| KOHA link: | https://koha.lib.tpu.ru/cgi-bin/koha/opac-detail.pl?biblionumber=478741 |
MARC
| LEADER | 00000naa2a2200000 4500 | ||
|---|---|---|---|
| 001 | 478741 | ||
| 005 | 20240205130348.0 | ||
| 035 | |a (RuTPU)RU\TPU\prd\145588 | ||
| 035 | |a RU\TPU\prd\145587 | ||
| 090 | |a 478741 | ||
| 100 | |a 20120703d2012 k y0rusy50 ca | ||
| 101 | 0 | |a rus | |
| 102 | |a RU | ||
| 135 | |a drnn ---uucaa | ||
| 181 | 0 | |a i | |
| 182 | 0 | |a b | |
| 200 | 1 | |a Моделирование гравитационного газового сепаратора |f Н. М. Семенов | |
| 203 | |a Текст |c электронный | ||
| 215 | |a 1 файл (632 Кб) | ||
| 225 | 1 | |a Информационные технологии и системы управления | |
| 300 | |a Заглавие с титульного листа | ||
| 320 | |a [Библиогр.: с. 145 (13 назв.)] | ||
| 330 | |a Рассматривается моделирование процесса низкотемпературной сепарации газожидкостной смеси в блоке из трёх газовых сепараторов. Предполагается однократное испарение компонентов смеси при достижении состояния равновесия между паровой и жидкой фазами. Математическая модель основывается на уравнениях общего и покомпонентного материального баланса. Для расчёта констант фазового равновесия используется уравнение Ашворта. Приводятся алгоритм и результаты расчета. Моделирование проводилось с использованием языков VBA и Delphi. | ||
| 337 | |a Adobe Reader | ||
| 461 | 1 | |0 (RuTPU)RU\TPU\prd\143680 |x 2226-0064 |t Вестник науки Сибири |o электронный научный журнал |f Томский политехнический университет (ТПУ) |d 2011- | |
| 463 | 1 | |0 (RuTPU)RU\TPU\prd\145194 |t № 1 (2) |v [С. 139-145] |d 2012 | |
| 610 | 1 | |a газовые сепараторы | |
| 610 | 1 | |a моделирование | |
| 610 | 1 | |a газожидкостные смеси | |
| 610 | 1 | |a низкотемпературная сепарация | |
| 610 | 1 | |a уравнение Ашворта | |
| 610 | 1 | |a труды учёных ТПУ | |
| 610 | 1 | |a электронный ресурс | |
| 675 | |a 60.011.665.6/7(075.8) |v 3 | ||
| 700 | 1 | |a Семенов |b Н. М. |c инженер-электрик |c старший преподаватель Томского политехнического университета |f 1952- |g Николай Михайлович |3 (RuTPU)RU\TPU\pers\29728 |9 14213 | |
| 801 | 1 | |a RU |b 63413507 |c 20090623 |g PSBO | |
| 801 | 2 | |a RU |b 63413507 |c 20180115 |g PSBO | |
| 856 | 4 | |u http://earchive.tpu.ru/handle/11683/15984 | |
| 942 | |c BK | ||